000 01087nam a22002897a 4500
001 7848
003 FISKH
005 20250812091850.0
008 250812b cb ||||| |||| 00| 0 eng d
020 _a9781408324127
040 _aFISKH
_beng
_cFISKH
_dFISKH
050 _aPZ7
082 _a823.92
100 _aBlade, Adam
245 _aSea quest :
_bStinger the sea phantom /
_cBy Adam Blade
250 _aThis edition first published in 2013
260 _aLondon :
_bOrchard,
_c2000
300 _a118 pages :
_c20 cm
505 _aJ
520 _aA new Sea Quest continues! Spectron, the Sea Ghost City, is in danger! The wicked Professor has unleashed another of his menacing Robobeasts. Can Max and his friends defeat Stinger the Sea Phantom and protect the Sea Ghosts Don't miss the other books in this series: Shredder the Spider Droid, Crusher the Creeping Terror and Mangler the Dark Menace.
521 8 _a500
_bLexile
521 8 _aJ
_bRaz-Plus
650 _2Sea Monster
_aSpider
650 _2Ghost City
_aProtect
942 _2ddc
_cBK
_n0
999 _c7848
_d7848